Thinking About America's Defense (Record no. 352740)
[ view plain ]
| 000 -LEADER | |
|---|---|
| fixed length control field | 00696nam a2200133Ia 4500 |
| 008 - FIXED-LENGTH DATA ELEMENTS--GENERAL INFORMATION | |
| fixed length control field | 171212s9999 xx 000 0 und d |
| 020 ## - INTERNATIONAL STANDARD BOOK NUMBER | |
| International Standard Book Number | 9780833044525 |
| 100 ## - MAIN ENTRY--PERSONAL NAME | |
| Personal name | Kent, Glenn A.;Frelinger, David R. |
| 245 ## - TITLE STATEMENT | |
| Statement of responsibility, etc | Kent, Glenn A.;Frelinger, David R. |
| Title | Thinking About America's Defense |
| Remainder of title | An Analytical Memoir |
| 260 ## - PUBLICATION, DISTRIBUTION, ETC. (IMPRINT) | |
| Name of publisher, distributor, etc | RAND Corporation |
| Date of publication, distribution, etc | 2008 |
| 650 ## - SUBJECT ADDED ENTRY--TOPICAL TERM | |
| Topical term or geographic name as entry element | Military planning -- United States; United States. Air Force -- Officers -- Biography; Generals -- United States -- Biography; Strategic forces -- United States; National security -- United States; United States -- Defenses -- Decision making; United Stat |
| 650 ## - SUBJECT ADDED ENTRY--TOPICAL TERM | |
| Topical term or geographic name as entry element | Political Science |
| 856 ## - ELECTRONIC LOCATION AND ACCESS | |
| Uniform Resource Identifier | <a href="www.jstor.org/stable/10.7249/op223af">www.jstor.org/stable/10.7249/op223af</a> |
| Withdrawn status | Lost status | Damaged status | Home library | Current library | Date acquired | Total Checkouts | Full call number | Date last seen | Price effective from | Koha item type |
|---|---|---|---|---|---|---|---|---|---|---|
| College Library | College Library | 12/12/2017 | U153.K466 2008 | 12/12/2017 | 12/12/2017 | Curriculum - Based eBooks |